McGraw-Hill electronics dictionary

Bibliographic Details
Main Author: Markus, John
Other Authors: Sclater, Neal
Format: Book
Published: New York : McGraw-Hill , 1994
Edition:5th ed
Subjects:

MARC

LEADER 00000cam a2200000 7i4500
001 0000003199
002 000003456
005 20000330.0
020 |a 0070404348 
090 0 0 |a 621.3803   |b MAR 
100 1 |a Markus, John 
245 1 0 |a McGraw-Hill electronics dictionary   |c John Markus 
250 |a 5th ed 
260 |a New York :   |b McGraw-Hill ,   |c 1994 
300 |a 596p. ;   |c 23cm. 
650 0 0 |a Electronics   |x Dictionaries 
700 1 |a Sclater, Neal 
999 |a 036800   |b BUKU   |c PINJAMAN   |e PERPUSTAKAAN KOMUNITI PETALING JAYA